AFL 2025 Season Ladder - Statistics

General Stats
  • This quiz has been taken 63 times
  • The average score is 15 of 18
Answer Stats
Position Answer % Correct
1 Adelaide
98%
3 Brisbane
98%
4 Collingwood
98%
2 Geelong
98%
5 GWS
92%
8 Hawthorn
92%
7 Gold Coast
88%
6 Fremantle
87%
18 West Coast
83%
17 Richmond
81%
10 Sydney
81%
9 Western Bulldogs
81%
16 North Melbourne
75%
11 Carlton
73%
14 Melbourne
71%
12 St Kilda
71%
15 Essendon
69%
13 Port Adelaide
63%
No matching quizzes found
Score Distribution
Percent of People with Each Score
Percentile by Number Answered
Your Score History
You have not taken this quiz